[Event "Guillermo Garcia Memorial-D"]
[Site "Santa Clara"]
[Date "2024.05.14"]
[Round "1"]
[White "Gonzalez Garay, Carlos"]
[Black "Borges Barroso, Yohan"]
[Result "0-1"]
[WhiteElo "1885"]
[BlackElo "2104"]
[PlyCount "100"]
[EventDate "2024.05.14"]
[EventType "swiss"]
[EventRounds "9"]
[EventCountry "CUB"]
[SourceTitle "CB24_2024"]
[SourceDate "2024.06.12"]
[SourceVersion "1"]
[SourceVersionDate "2024.06.12"]
[SourceQuality "1"]

1. e4 c6 2. d4 g6 3. f4 d5 4. Nc3 dxe4 5. Nxe4 Bg7 6. c3 Nf6 7. Nxf6+ exf6 8. Bc4 0-0 9. Ne2 b5 10. Bd3 f5 11. 0-0 Nd7 12. Bd2 Bb7 13. Qb3 a6 14. a4 Nc5 15. Qc2 Nxa4 16. Rae1 Rc8 17. b3 Nb6 18. c4 Nd7 19. Bc3 Nf6 20. Ng3 Ng4 21. Nxf5 gxf5 22. Bxf5 Bxd4+ 23. Kh1 Bxc3 24. Qxc3 Qf6 25. Qc2 Qh4 26. Bxg4 Qxg4 27. Re3 Kh8 28. Rg3 Qd7 29. Qc3+ f6 30. c5 Qf7 31. f5 Rcd8 32. Re1 Rfe8 33. Rge3 Rxe3 34. Qxe3 Bc8 35. g4 Qd5+ 36. Kg1 Bxf5 37. Qf2 Qd4 38. Re8+ Kg7 39. Rxd8 Qxd8 40. Qxf5 Qd4+ 41. Kg2 a5 42. h4 a4 43. bxa4 bxa4 44. Qc8 Qd5+ 45. Kg3 a3 46. Qb7+ Kh6 47. g5+ fxg5 48. hxg5+ Qxg5+ 49. Kf3 Qxc5 50. Qc8 a2 0-1

[Event "Cienfuegos Province-ch final"]
[Site "Cienfuegos"]
[Date "2018.10.18"]
[Round "4"]
[White "Brito Zamora, Alberto"]
[Black "Gonzalez Garay, Carlos"]
[Result "0-1"]
[WhiteElo "1999"]
[BlackElo "1813"]
[PlyCount "100"]
[EventDate "2018.10.15"]
[EventType "tourn"]
[EventRounds "9"]
[EventCountry "CUB"]
[SourceTitle "EXT 2021"]
[Source "ChessBase"]
[SourceDate "2020.10.23"]
[SourceVersion "1"]
[SourceVersionDate "2020.10.23"]
[SourceQuality "1"]

1. c4 d6 2. d4 e5 3. dxe5 dxe5 4. Qxd8+ Kxd8 5. Nc3 c6 6. g3 f5 7. Bg5+ Be7 8. 0-0-0+ Kc7 9. Nf3 Nd7 10. h4 h6 11. Bxe7 Nxe7 12. e4 fxe4 13. Nxe4 Rf8 14. Be2 b6 15. Nfd2 a5 16. Rhe1 Nf5 17. Bg4 g6 18. Nb1 h5 19. Bxf5 gxf5 20. Ng5 Rf6 21. Nc3 a4 22. b3 axb3 23. axb3 Ra1+ 24. Kc2 Rxd1 25. Nxd1 f4 26. Ne4 Rf8 27. Ndc3 fxg3 28. fxg3 Rf3 29. Kd2 Nf8 30. Re3 Rf5 31. Ng5 Ne6 32. Nxe6+ Bxe6 33. Ne4 c5 34. Ng5 Bg8 35. Rd3 Rf1 36. Ke2 Rb1 37. Kf3 b5 38. cxb5 Bxb3 39. Re3 Bd5+ 40. Kf2 Rb2+ 41. Ke1 Kd6 42. Ra3 c4 43. g4 hxg4 44. h5 Rh2 45. h6 g3 46. Rxg3 Rxh6 47. Ra3 Kc5 48. Ra6 Rh8 49. Ne6+ Bxe6 50. Rxe6 Kd5 0-1